000 00422nam a2200133Ia 4500
008 100328s9999 xx 000 0 und d
082 _b40237
100 _aराजे नयना
245 _aजाहल्या काही चुका
260 _bमुक्ता
630 _aजाहल्या काही चुका
730 _aजाहल्या काही चुका
942 _cBOOK
999 _c528994
_d528991